[Event "DRUGA LIGA CENTRALNE SRBIJE 2011 - ZAPAD"]
[Site "?"]
[Date "2011.10.15"]
[Round "10.1"]
[White "Radojcic, Slobodan"]
[Black "Panic, Nenad"]
[Result "0-1"]
[WhiteElo "2270"]
[BlackElo "2350"]
[PlyCount "42"]
[EventDate "2011.09.11"]

1. d4 Nf6 2. c4 g6 3. Nc3 Bg7 4. e4 d6 5. h3 O-O 6. Be3 c5 7. d5 e6 8. Nf3 exd5
9. exd5 Qb6 10. Na4 Qb4+ 11. Nd2 Bd7 12. b3 b5 13. a3 Qa5 14. cxb5 Nxd5 15. b4
Qd8 16. Nc4 Nxe3 17. Nxe3 Bxa1 18. Qxa1 a6 19. Nd5 Re8+ 20. Kd1 Re5 21. Nab6
Be6 0-1

[Event "DRUGA LIGA CENTRALNE SRBIJE 2011 - ZAPAD"]
[Site "?"]
[Date "2011.10.15"]
[Round "10.1"]
[White "Jovanovic, Dusan D"]
[Black "Dolovic, Dusko"]
[Result "1-0"]
[WhiteElo "2366"]
[BlackElo "2185"]
[PlyCount "118"]
[EventDate "2011.09.11"]

1. Nf3 Nf6 2. c4 c5 3. g3 Nc6 4. Bg2 d5 5. O-O e6 6. cxd5 Nxd5 7. Nc3 Be7 8. d4
cxd4 9. Nxd4 Nxc3 10. bxc3 Bd7 11. Rb1 Qc8 12. Nb5 O-O 13. Nd6 Bxd6 14. Qxd6
Rd8 15. Be3 Be8 16. Qf4 Rd7 17. Bd4 Qc7 18. Qg5 Nxd4 19. cxd4 Qd8 20. Qxd8
Raxd8 21. e3 b6 22. Rfc1 f6 23. Bh3 Bf7 24. a4 g5 25. f4 Kg7 26. a5 bxa5 27.
Rb5 gxf4 28. gxf4 Rd5 29. Rxd5 Rxd5 30. Rc7 f5 31. Rxa7 Rb5 32. Bf1 Rb3 33. Kf2
Ra3 34. Bc4 Kf6 35. Ra6 Ke7 36. h4 Rc3 37. Bb5 Rc2+ 38. Kg3 Rc3 39. Kf2 Rc2+
40. Ke1 Ra2 41. Bd3 Bg6 42. Rxe6+ Kxe6 43. Bc4+ Kf6 44. Bxa2 Be8 45. Kd2 Kg6
46. Be6 Kf6 47. Bc8 Bc6 48. Kc3 Be4 49. Ba6 Bd5 50. Bc4 Bf3 51. Bb5 Bd5 52. Kb2
Bf7 53. Ka3 Kg6 54. Be2 Be8 55. Kb3 Bd7 56. Kc4 a4 57. Kb4 Kf6 58. Bd1 Ke6 59.
Bxa4 Bc8 1-0

[Event "DRUGA LIGA CENTRALNE SRBIJE 2011 - ZAPAD"]
[Site "?"]
[Date "2011.10.15"]
[Round "10.1"]
[White "Milosevic, Zoran"]
[Black "Popovic, Predrag R"]
[Result "0-1"]
[WhiteElo "2280"]
[BlackElo "2248"]
[PlyCount "118"]
[EventDate "2011.09.11"]

1. d4 Nf6 2. Nf3 d5 3. c4 e6 4. Nc3 dxc4 5. e4 c5 6. Bxc4 cxd4 7. Nxd4 a6 8. a4
Qc7 9. Qe2 Bd6 10. Be3 Bd7 11. h3 Nc6 12. O-O Bh2+ 13. Kh1 Bf4 14. Rfd1 Bxe3
15. Qxe3 Nxd4 16. Qxd4 e5 17. Qd3 O-O 18. Rac1 Rac8 19. Bd5 Qb6 20. Qe2 Qb4 21.
Qc2 Rc7 22. Ra1 Rfc8 23. Ra3 Qe7 24. Qb3 Nh5 25. Rd3 Nf4 26. Rf3 Be8 27. Qb6
Bc6 28. Rb3 Bxd5 29. Nxd5 Nxd5 30. exd5 Rd7 31. Rfd3 Rcd8 32. d6 Rxd6 33. Rxd6
Rxd6 34. Qxb7 Qxb7 35. Rxb7 g6 36. f3 Kg7 37. b4 Kf6 38. Kg1 Ke6 39. Kf2 h5 40.
g4 hxg4 41. hxg4 f5 42. gxf5+ gxf5 43. a5 Rd4 44. Rb6+ Rd6 45. b5 axb5 46. Rxb5
Rd2+ 47. Kg3 Ra2 48. Rb6+ Kd5 49. a6 Ra3 50. Kf2 f4 51. Kg2 Kc5 52. Re6 Kd4 53.
Rd6+ Ke3 54. Re6 Ra2+ 55. Kh3 Kxf3 56. Rxe5 Rxa6 57. Kh2 Kf2 58. Rh5 f3 59. Rh8
Rg6 0-1

[Event "DRUGA LIGA CENTRALNE SRBIJE 2011 - ZAPAD"]
[Site "?"]
[Date "2011.10.15"]
[Round "10.1"]
[White "Rihterovic, Milan"]
[Black "Bosiljcic, Zoran"]
[Result "0-1"]
[WhiteElo "2245"]
[BlackElo "2172"]
[PlyCount "110"]
[EventDate "2011.09.11"]

1. d4 Nf6 2. c4 d6 3. Nc3 g6 4. e4 Bg7 5. h3 O-O 6. Nf3 e5 7. d5 Ne8 8. g4 f5
9. gxf5 gxf5 10. Rg1 Kh8 11. Ng5 Nf6 12. Be3 Qe7 13. Qc2 f4 14. Bd2 Rg8 15. Nf3
Nbd7 16. O-O-O a5 17. Na4 b6 18. Bc3 Nb8 19. Be1 Bd7 20. Nc3 Na6 21. Kb1 Nc5
22. Qe2 Raf8 23. Nd2 Bh6 24. Rh1 f3 25. Nxf3 Nfxe4 26. Ka1 Nxc3 27. Bxc3 Na4
28. Be1 Bg7 29. Nd4 Qf6 30. Ne6 Bxe6 31. dxe6 Nc5 32. Bg2 Nxe6 33. Bd5 Nf4 34.
Qc2 Nxd5 35. cxd5 Rf7 36. Rg1 Qf5 37. Qxf5 Rxf5 38. Rc1 Rf7 39. a4 Bf6 40.
Rxg8+ Kxg8 41. Rc4 Kf8 42. Kb1 Ke8 43. Kc2 Bd8 44. Rg4 Kd7 45. Kd2 Be7 46. Ke2
c6 47. dxc6+ Kxc6 48. Rc4+ Kd7 49. Rg4 d5 50. f3 Ke6 51. Bg3 Bf6 52. Rg8 Rg7
53. Rxg7 Bxg7 54. b3 Bf8 55. Bh4 Bc5 0-1

[Event "DRUGA LIGA CENTRALNE SRBIJE 2011 - ZAPAD"]
[Site "?"]
[Date "2011.10.15"]
[Round "10.1"]
[White "Pecinar, Zoran"]
[Black "Janjos, Slavisa"]
[Result "1/2-1/2"]
[WhiteElo "2150"]
[BlackElo "2154"]
[PlyCount "50"]
[EventDate "2011.09.11"]

1. c4 Nf6 2. Nc3 e6 3. e4 Nc6 4. Nf3 e5 5. a3 d6 6. h3 Be7 7. d4 O-O 8. d5 Nb8
9. Bd3 Nfd7 10. b4 a5 11. Rb1 axb4 12. axb4 Na6 13. Ra1 Rb8 14. Ba3 c5 15. b5
Nc7 16. g4 Nb6 17. Bc1 Bd7 18. Be3 Ra8 19. Kd2 Ne8 20. Rxa8 Qxa8 21. Qa1 Qxa1
22. Rxa1 Nc7 23. Ra7 Rb8 24. Ne1 Nc8 25. Ra1 Ra8 1/2-1/2

[Event "DRUGA LIGA CENTRALNE SRBIJE 2011 - ZAPAD"]
[Site "?"]
[Date "2011.10.15"]
[Round "10.1"]
[White "Pajic, Boris"]
[Black "Obradovic, Vasilije"]
[Result "0-1"]
[WhiteElo "2044"]
[BlackElo "2076"]
[PlyCount "102"]
[EventDate "2011.09.11"]

1. d4 Nf6 2. c4 g6 3. Nc3 Bg7 4. e4 d6 5. Nf3 O-O 6. Be2 c6 7. O-O Qc7 8. Ne1
e5 9. d5 Nbd7 10. Nd3 Re8 11. Be3 c5 12. a3 a6 13. Rb1 Rb8 14. Qd2 Nb6 15. b3
Ng4 16. Bxg4 Bxg4 17. f3 Bc8 18. Rfc1 f5 19. Nd1 f4 20. Bf2 Nd7 21. b4 b6 22.
Rb2 g5 23. Qc2 Nf6 24. Rcb1 Bd7 25. Qb3 Bf8 26. Be1 h5 27. bxc5 bxc5 28. Qxb8
Rxb8 29. Rxb8 Bc8 30. R8b6 Nd7 31. Rc6 Qd8 32. a4 g4 33. h3 gxh3 34. gxh3 Be7
35. Rb2 Kf7 36. Rb3 Kg7 37. a5 Kf7 38. N1b2 Qh8 39. Kh2 Qd8 40. Na4 Bh4 41.
Rxc8 Bg3+ 42. Bxg3 fxg3+ 43. Kxg3 Qxc8 44. Nb6 Qg8+ 45. Kf2 Nf6 46. Na4 Qg5 47.
Rb2 h4 48. Ke2 Nh5 49. Rb6 Qg2+ 50. Nf2 Nf4+ 51. Ke3 Qf1 0-1

[Event "DRUGA LIGA CENTRALNE SRBIJE 2011 - ZAPAD"]
[Site "?"]
[Date "2011.10.15"]
[Round "10.2"]
[White "Zecevic, Igor"]
[Black "Avramovic, Zoran"]
[Result "0-1"]
[WhiteElo "1913"]
[BlackElo "2236"]
[PlyCount "76"]
[EventDate "2011.09.11"]

1. d4 d5 2. c4 e6 3. Nc3 f5 4. g3 Nf6 5. Bg2 c6 6. cxd5 exd5 7. Nf3 Bd6 8. O-O
Qe7 9. Bg5 O-O 10. Qd2 Nbd7 11. a3 a5 12. Bf4 Ne4 13. Nxe4 fxe4 14. Bxd6 Qxd6
15. Ne1 Nb6 16. f3 exf3 17. Nxf3 Nc4 18. Qc3 Re8 19. e4 Be6 20. e5 Qe7 21. Rf2
b5 22. a4 b4 23. Qd3 Rf8 24. b3 Rad8 25. Rc1 Qf7 26. Rcf1 Qh5 27. Rc1 Qh6 28.
Re1 Rf7 29. h4 Rdf8 30. Ref1 Qe3 31. Qxe3 Nxe3 32. Ng5 Nxf1 33. Nxf7 Nxg3 34.
Ng5 Bg4 35. Bf3 Bc8 36. e6 h6 37. Bh5 Nxh5 38. e7 Re8 0-1

[Event "DRUGA LIGA CENTRALNE SRBIJE 2011 - ZAPAD"]
[Site "?"]
[Date "2011.10.15"]
[Round "10.2"]
[White "Mircic, Ivan"]
[Black "Vasilic, Mihailo"]
[Result "0-1"]
[WhiteElo "2271"]
[BlackElo "2044"]
[PlyCount "59"]
[EventDate "2011.09.11"]

1. Nf3 d5 2. d4 Nf6 3. g3 g6 4. Bg2 Bg7 5. O-O O-O 6. c4 e6 7. Qc2 c6 8. Bf4
Re8 9. Nbd2 Nh5 10. Be3 Nd7 11. Rac1 h6 12. b4 g5 13. Nb3 Nb6 14. Na5 a6 15.
Rfd1 f5 16. Ne5 Nf6 17. f3 Nbd7 18. Nd3 Nb8 19. Bf2 b5 20. cxb5 cxb5 21. Nc5
Nbd7 22. e4 Nb6 23. e5 Nh7 24. Bf1 Nc4 25. Nab3 Nf8 26. Bd3 Qe7 27. Na5 Bd7 28.
Bxc4 bxc4 29. Rb1 Red8 30. Rb2 0-1

[Event "DRUGA LIGA CENTRALNE SRBIJE 2011 - ZAPAD"]
[Site "?"]
[Date "2011.10.15"]
[Round "10.2"]
[White "Obradovic, Blazimir"]
[Black "Vuckovic, Lidija"]
[Result "1/2-1/2"]
[WhiteElo "2183"]
[BlackElo "1752"]
[PlyCount "25"]
[EventDate "2011.09.11"]

1. d4 Nf6 2. c4 e6 3. Nc3 c5 4. d5 exd5 5. cxd5 d6 6. e4 g6 7. f4 Bg7 8. Nf3
O-O 9. Be2 a6 10. a4 Bg4 11. O-O Nbd7 12. h3 Bxf3 13. Bxf3 1/2-1/2

[Event "DRUGA LIGA CENTRALNE SRBIJE 2011 - ZAPAD"]
[Site "?"]
[Date "2011.10.15"]
[Round "10.2"]
[White "Zecevic, Snezana"]
[Black "Trpkovic, Miroljub"]
[Result "1/2-1/2"]
[WhiteElo "1793"]
[BlackElo "1958"]
[PlyCount "20"]
[EventDate "2011.09.11"]

1. d4 e6 2. Nf3 d5 3. e3 c5 4. c3 Nc6 5. b3 Nf6 6. Bb2 Bd6 7. Be2 O-O 8. O-O
Re8 9. Qc2 Bd7 10. Rd1 Rc8 1/2-1/2

[Event "DRUGA LIGA CENTRALNE SRBIJE 2011 - ZAPAD"]
[Site "?"]
[Date "2011.10.15"]
[Round "10.3"]
[White "Radovanovic, Slavko"]
[Black "Drcelic, Sreten"]
[Result "1/2-1/2"]
[WhiteElo "2166"]
[BlackElo "2235"]
[PlyCount "20"]
[EventDate "2011.09.11"]

1. d4 Nf6 2. c4 e6 3. Nc3 d5 4. cxd5 exd5 5. Bg5 Be7 6. e3 c6 7. Nf3 O-O 8. Bd3
Nbd7 9. Qc2 Re8 10. O-O Nf8 1/2-1/2

[Event "DRUGA LIGA CENTRALNE SRBIJE 2011 - ZAPAD"]
[Site "?"]
[Date "2011.10.15"]
[Round "10.4"]
[White "Savicevic, Vlatko"]
[Black "Kostic, Vladimir G"]
[Result "1/2-1/2"]
[WhiteElo "2324"]
[BlackElo "2433"]
[PlyCount "34"]
[EventDate "2011.09.11"]

1. e4 e6 2. d4 d5 3. Nd2 dxe4 4. Nxe4 Nd7 5. Nf3 Ngf6 6. Nxf6+ Nxf6 7. c3 Be7
8. Qa4+ c6 9. Qc2 Qc7 10. Bd3 c5 11. Be3 Bd6 12. O-O-O Bd7 13. dxc5 Bxc5 14.
Bxc5 Qxc5 15. Rhe1 Bc6 16. Ne5 O-O 17. g4 g6 1/2-1/2

[Event "DRUGA LIGA CENTRALNE SRBIJE 2011 - ZAPAD"]
[Site "?"]
[Date "2011.10.15"]
[Round "10.4"]
[White "Adzic, Momcilo"]
[Black "Ilic, Dragan M"]
[Result "1/2-1/2"]
[WhiteElo "2263"]
[BlackElo "2388"]
[PlyCount "30"]
[EventDate "2011.09.11"]

1. e4 e6 2. d4 d5 3. Nd2 Nc6 4. Ngf3 Nf6 5. e5 Nd7 6. Bd3 Nb4 7. Be2 c5 8. c3
Nc6 9. O-O cxd4 10. cxd4 Be7 11. a3 a5 12. Re1 O-O 13. Nf1 f6 14. Bd3 fxe5 15.
dxe5 Nc5 1/2-1/2

[Event "DRUGA LIGA CENTRALNE SRBIJE 2011 - ZAPAD"]
[Site "?"]
[Date "2011.10.15"]
[Round "10.4"]
[White "Zivkovic, Vladislav"]
[Black "Rajevic, Gavrilo"]
[Result "1/2-1/2"]
[WhiteElo "2181"]
[BlackElo "2273"]
[PlyCount "57"]
[EventDate "2011.09.11"]

1. Nf3 Nf6 2. c4 g6 3. b3 Bg7 4. Bb2 d6 5. d4 O-O 6. g3 Nbd7 7. Bg2 e5 8. dxe5
Ng4 9. O-O dxe5 10. e4 c6 11. Qc2 Re8 12. Rd1 Qc7 13. Nc3 Bf8 14. h3 Nh6 15.
Rd2 f6 16. Rad1 Nf7 17. Bc1 Nc5 18. b4 Ne6 19. a3 Nfg5 20. Nxg5 Nxg5 21. Kh2
Be6 22. c5 Qc8 23. h4 Nf7 24. Ne2 a5 25. Bb2 axb4 26. axb4 Bh6 27. Rd3 Bg4 28.
f3 Be6 29. Nc3 1/2-1/2

[Event "DRUGA LIGA CENTRALNE SRBIJE 2011 - ZAPAD"]
[Site "?"]
[Date "2011.10.15"]
[Round "10.4"]
[White "Rasic, Goran"]
[Black "Milosevic, Slavisa"]
[Result "1/2-1/2"]
[WhiteElo "2214"]
[BlackElo "2257"]
[PlyCount "50"]
[EventDate "2011.09.11"]

1. d4 d6 2. Nf3 f5 3. g3 Nf6 4. Bg2 g6 5. O-O Bg7 6. b3 O-O 7. Bb2 c6 8. c4 h6
9. Nbd2 Qe8 10. Qc2 Na6 11. Bc3 g5 12. e4 fxe4 13. Nxe4 Nxe4 14. Qxe4 Bf5 15.
Qe3 Qd7 16. Ne1 Rae8 17. Nd3 Nc7 18. Rac1 Qe6 19. Qd2 Qg6 20. Nb4 Ne6 21. d5
cxd5 22. Bxg7 Kxg7 23. Nxd5 Nc5 24. b4 Nd3 25. Rc3 Ne5 1/2-1/2

[Event "DRUGA LIGA CENTRALNE SRBIJE 2011 - ZAPAD"]
[Site "?"]
[Date "2011.10.15"]
[Round "10.5"]
[White "Colovic, Dusan"]
[Black "Marinkovic, Slavisa"]
[Result "1/2-1/2"]
[WhiteElo "2346"]
[BlackElo "2414"]
[PlyCount "21"]
[EventDate "2011.09.11"]

1. d4 Nf6 2. c4 c5 3. d5 b5 4. cxb5 a6 5. bxa6 Bxa6 6. Nc3 d6 7. Nf3 g6 8. g3
Bg7 9. Bg2 O-O 10. O-O Nbd7 11. Re1 1/2-1/2

[Event "DRUGA LIGA CENTRALNE SRBIJE 2011 - ZAPAD"]
[Site "?"]
[Date "2011.10.15"]
[Round "10.5"]
[White "Begus, Drasko"]
[Black "Irizanin, Radoje"]
[Result "1/2-1/2"]
[WhiteElo "2321"]
[BlackElo "2338"]
[PlyCount "29"]
[EventDate "2011.09.11"]

1. Nf3 Nf6 2. g3 g6 3. Bg2 Bg7 4. O-O O-O 5. d4 b6 6. b3 Bb7 7. Bb2 d6 8. c4
Nbd7 9. Nc3 Ne4 10. Nxe4 Bxe4 11. Nh4 Bxg2 12. Nxg2 c5 13. Qd2 cxd4 14. Bxd4
Bxd4 15. Qxd4 1/2-1/2

[Event "DRUGA LIGA CENTRALNE SRBIJE 2011 - ZAPAD"]
[Site "?"]
[Date "2011.10.15"]
[Round "10.5"]
[White "Mirkovic, Stevan"]
[Black "Zivkovic, Sava"]
[Result "1/2-1/2"]
[WhiteElo "2237"]
[BlackElo "2302"]
[PlyCount "24"]
[EventDate "2011.09.11"]

1. Nf3 c5 2. c4 Nc6 3. d4 cxd4 4. Nxd4 d6 5. Nc3 g6 6. e4 Bg7 7. Be3 Nf6 8. Be2
O-O 9. O-O Bd7 10. Qd2 Nxd4 11. Bxd4 Bc6 12. f3 a5 1/2-1/2

[Event "DRUGA LIGA CENTRALNE SRBIJE 2011 - ZAPAD"]
[Site "?"]
[Date "2011.10.15"]
[Round "10.5"]
[White "Ignjatovic, Predrag"]
[Black "Gavrilovic, Leonardo"]
[Result "1/2-1/2"]
[WhiteElo "2285"]
[BlackElo "2262"]
[PlyCount "20"]
[EventDate "2011.09.11"]

1. e4 Nf6 2. e5 Nd5 3. d4 d6 4. Nf3 g6 5. c4 Nb6 6. Nc3 Bg7 7. exd6 cxd6 8. Be2
O-O 9. Be3 Nc6 10. O-O Bf5 1/2-1/2

[Event "DRUGA LIGA CENTRALNE SRBIJE 2011 - ZAPAD"]
[Site "?"]
[Date "2011.10.15"]
[Round "10.6"]
[White "Kahrovic, Mersid"]
[Black "Stojanovic, Dobrisav"]
[Result "1/2-1/2"]
[WhiteElo "2277"]
[BlackElo "2334"]
[PlyCount "20"]
[EventDate "2011.09.11"]

1. c4 Nf6 2. Nc3 d5 3. cxd5 Nxd5 4. d4 g6 5. Qb3 Nb6 6. Nf3 Bg7 7. e3 O-O 8.
Be2 Nc6 9. O-O e5 10. dxe5 Nxe5 1/2-1/2

[Event "DRUGA LIGA CENTRALNE SRBIJE 2011 - ZAPAD"]
[Site "?"]
[Date "2011.10.15"]
[Round "10.6"]
[White "Marcetic, Predrag"]
[Black "Dumic, Marko"]
[Result "1/2-1/2"]
[WhiteElo "2237"]
[BlackElo "2249"]
[PlyCount "22"]
[EventDate "2011.09.11"]

1. e4 e6 2. d4 d5 3. Nc3 Bb4 4. e5 c5 5. Bd2 Ne7 6. a3 Bxc3 7. bxc3 Nbc6 8. Nf3
Bd7 9. Bd3 c4 10. Be2 Qa5 11. O-O O-O-O 1/2-1/2

[Event "DRUGA LIGA CENTRALNE SRBIJE 2011 - ZAPAD"]
[Site "?"]
[Date "2011.10.15"]
[Round "10.6"]
[White "Brajovic, Miroljub"]
[Black "Vasic, Vladimir"]
[Result "1/2-1/2"]
[WhiteElo "2159"]
[BlackElo "2209"]
[PlyCount "22"]
[EventDate "2011.09.11"]

1. e4 e5 2. d4 exd4 3. Qxd4 Nc6 4. Qe3 g6 5. Nc3 Bg7 6. Nf3 Nge7 7. Bc4 O-O 8.
O-O d6 9. h3 Ne5 10. Nxe5 Bxe5 11. Bd2 Bg7 1/2-1/2

[Event "DRUGA LIGA CENTRALNE SRBIJE 2011 - ZAPAD"]
[Site "?"]
[Date "2011.10.15"]
[Round "10.6"]
[White "Djokovic, Nebojsa"]
[Black "Musovic, Sabrija"]
[Result "1/2-1/2"]
[WhiteElo "2097"]
[BlackElo "2140"]
[PlyCount "21"]
[EventDate "2011.09.11"]

1. e4 c5 2. Nc3 a6 3. f4 e6 4. Nf3 d6 5. a4 Nc6 6. Bc4 Be7 7. O-O Nf6 8. d3 O-O
9. Qe1 Nd4 10. Nxd4 cxd4 11. Ne2 1/2-1/2